Geography Quiz

Random Geography or State Quiz

'E'-Less States Quiz Stats

 Plays Quiz Updated Nov 17, 2017

Also try: 'O'-Less States
Challenge
Share
Tweet
Embed
Score 0/30 Timer 02:00
4 Plays Today
State % Correct
California
91.2%
Florida
89.6%
North Dakota
84.5%
South Dakota
83.4%
Washington
83.2%
Alabama
80.8%
Ohio
80.1%
North Carolina
80%
South Carolina
79.1%
Alaska
78.5%
Arizona
75.9%
Mississippi
75.1%
Kansas
74.9%
Arkansas
74.6%
Idaho
74.1%
State % Correct
Illinois
73.5%
Hawaii
73.4%
Iowa
72.8%
Montana
72.5%
Colorado
72.1%
Michigan
71.7%
Utah
69.8%
Virginia
69.4%
Indiana
67.6%
Louisiana
64.5%
Missouri
63.8%
Oklahoma
63.4%
Wyoming
63.2%
Maryland
60.9%
Wisconsin
59.9%

You're not logged in!

Compare scores with friends on all Sporcle quizzes.
Join for Free
OR
Log In

You Might Also Like...

Show Comments

Extras

Top Quizzes Today


Score Distribution

Your Account Isn't Verified!

In order to create a playlist on Sporcle, you need to verify the email address you used during registration. Go to your Sporcle Settings to finish the process.

Report this User

Report this user for behavior that violates our Community Guidelines.

Details: